000 00633nam a2200217Ia 4500
003 LK-CoDNM
008 010623t2005 xxu||||| |||| 00| 1 Pali d
040 _aLK-CoDNM
_dLK-CoDNM
_eLK-CoDNM
041 _aPali
_asin
080 _a294.3TRI
100 _aBuddharakkhita himi,Naramane
_etr.
245 _aපට්ඨානප්පකරණං 3
246 _aPatthanappakarana 3
260 _bBuddhist Cultural Centre
_aDehiwala
_c2005
300 _bxxx,1661,xlviip, 30 cm
500 _aBuddha Jayanti Tripitaka Series
650 _aAbhidhamma Pitaka
650 _aBuddhism
700 _aKhemananda himi,Hegoda
942 _cBK
999 _c124813
_d124813